Cities With 2 Airports - Statistics

General Stats
  • This quiz has been taken 50 times
  • The average score is 9 of 10
Answer Stats
Airports City % Correct
John F. Kennedy, LaGuardia New York
100%
Charles de Gaulle, Orly Paris
100%
O'Hare, Midway Chicago
98%
Heathrow, Gatwick London
98%
Haneda, Narita Tokyo
96%
Dulles, Ronald Reagan Washington
90%
Capital, Daxing Beijing
88%
Incheon, Gimpo Seoul
79%
Pudong, Hongqiao Shanghai
79%
Suvarnabhumi, Don Mueang Bangkok
69%
No matching quizzes found
Score Distribution
Percent of People with Each Score
Percentile by Number Answered
Your Score History
You have not taken this quiz